Organisational behaviour / (Record no. 9026)
[ view plain ]
| 000 -LEADER | |
|---|---|
| fixed length control field | 01155nac a22002411u 4500 |
| 020 ## - INTERNATIONAL STANDARD BOOK NUMBER | |
| International Standard Book Number | 9953004048 : |
| 082 ## - DEWEY DECIMAL CLASSIFICATION NUMBER | |
| Classification number | 658.4 |
| Item number | DAI |
| 090 ## - LOCALLY ASSIGNED LC-TYPE CALL NUMBER (OCLC); LOCAL CALL NUMBER (OCLC) | |
| -- | 9026 |
| -- | 9026 |
| 100 ## - MAIN ENTRY--PERSONAL NAME | |
| Personal name | Dailey,Robert |
| 245 ## - TITLE STATEMENT | |
| Title | Organisational behaviour / |
| Statement of responsibility, etc | Robert Dailey |
| 260 ## - PUBLICATION, DISTRIBUTION, ETC. (IMPRINT) | |
| Place of publication, distribution, etc | Lebanon : |
| Name of publisher, distributor, etc | Arab International Education,2003 |
| Date of publication, distribution, etc | c2003. |
| 300 ## - PHYSICAL DESCRIPTION | |
| Extent | 1v.: |
| Other physical details | ill. ; |
| Dimensions | 24 cm. |
| 440 ## - | |
| -- | Edinburgh Heriot-Watt Business School |
| 500 ## - GENERAL NOTE | |
| General note | Includes index. |
| 500 ## - GENERAL NOTE | |
| General note | Distributer : Dar Fathy Taha Mohamed Desoukey |
| 511 ## - PARTICIPANT OR PERFORMER NOTE | |
| Participant or performer note | Catalogued by: Sara |
| 650 ## - SUBJECT ADDED ENTRY--TOPICAL TERM | |
| Topical term or geographic name as entry element | Organizational behavior. |
| 942 ## - ADDED ENTRY ELEMENTS (KOHA) | |
| Item type | Book - Borrowing |
| Call number prefix | 658.4DAI |
| Withdrawn status | Item status | Damaged status | Not for loan | Home library | Current library | Shelving location | Date acquired | Source of acquisition | Total Checkouts | Total Renewals | Full call number | Barcode | Date last seen | Date last borrowed | Cost, replacement price | Koha item type |
|---|---|---|---|---|---|---|---|---|---|---|---|---|---|---|---|---|
| Central Library | Central Library | First floor | 07/04/2008 | Purchase | 2 | 2 | 658.4DAI | 000010905 | 15/07/2025 | 04/01/2014 | 50.00 | Book - Borrowing | ||||
| Central Library | Central Library | First floor | 07/04/2008 | Purchase | 3 | 6 | 658.4DAI | 000010397 | 15/07/2025 | 29/02/2016 | 50.00 | Book - Borrowing | ||||
| Central Library | Central Library | First floor | 07/04/2008 | Purchase | 4 | 1 | 658.4DAI | 000010398 | 15/07/2025 | 16/11/2014 | 50.00 | Book - Borrowing | ||||
| Central Library | Central Library | First floor | 07/04/2008 | Purchase | 5 | 2 | 658.4DAI | 000011046 | 15/07/2025 | 14/03/2016 | 50.00 | Book - Borrowing |